BIBLIOTECA PODER JUDICIAL
Portal Judicial TDF

De planificaciones frustradas / (Registro nro. 5735)

000 -LEADER
fixed length control field 01308nab a22002417a 4500
003 - CONTROL NUMBER IDENTIFIER
control field OSt
005 - DATE AND TIME OF LATEST TRANSACTION
control field 20260101192531.0
008 - FIXED-LENGTH DATA ELEMENTS--GENERAL INFORMATION
fixed length control field 190514b xxu||||| |||| 00| 0 spa d
040 ## - CATALOGING SOURCE
Transcribing agency PJ
100 ## - MAIN ENTRY--PERSONAL NAME
9 (RLIN) 5064
Personal name Fernández, María José
245 13 - TITLE STATEMENT
Title De planificaciones frustradas /
Statement of responsibility, etc María José Fernández.
300 ## - PHYSICAL DESCRIPTION
Extent p. 100-107
500 ## - GENERAL NOTE
General note Cita: TR LALEY AR/DOC/3254/2024.
505 ## - FORMATTED CONTENTS NOTE
Formatted contents note Sumario: I. Plataforma fáctica.— II. La planificación sucesoria.— III. Partición por ascendientes (por donación) vs. simples donaciones.— IV. La porción legítima hereditaria. Formación de la masa para su cálculo.— V. La decisión del tribunal. Su análisis.— VI. Obligación de juzgar con perspectiva de género.— VII. Reflexiones finales. <br/>
505 ## - FORMATTED CONTENTS NOTE
Formatted contents note Fallo comentado: SC Mendoza, sala I ~ 05/08/2024 ~ Z., M. C. c. Z., J.A. y otros s/ acciones sucesorias s/ recurso extraordinario provincial.
650 #0 - SUBJECT ADDED ENTRY--TOPICAL TERM
9 (RLIN) 967
Topical term or geographic name as entry element DERECHO DE FAMILIA
650 #0 - SUBJECT ADDED ENTRY--TOPICAL TERM
9 (RLIN) 888
Topical term or geographic name as entry element SUCESIONES
650 #0 - SUBJECT ADDED ENTRY--TOPICAL TERM
9 (RLIN) 4553
Topical term or geographic name as entry element PARTICION DE LA HERENCIA
650 #0 - SUBJECT ADDED ENTRY--TOPICAL TERM
9 (RLIN) 4044
Topical term or geographic name as entry element PERSPECTIVA DE GÉNERO
650 #0 - SUBJECT ADDED ENTRY--TOPICAL TERM
9 (RLIN) 1057
Topical term or geographic name as entry element JURISPRUDENCIA APLICABLE
773 0# - HOST ITEM ENTRY
Host Biblionumber 2844
Host Itemnumber 3222
Place, publisher, and date of publication Buenos Aires : AbeledoPerrot, 1989-
Title Derecho de familia. Revista Interdisciplinaria de doctrina y jurisprudencia. Febrero 2025-I.
International Standard Book Number 18511201
942 ## - ADDED ENTRY ELEMENTS (KOHA)
Source of classification or shelving scheme
Koha item type Analítica Artículo de Revista

No hay ítems disponibles.

12 de Octubre 789 Ushuaia - Tel:  54(02901)441571
Horario de Atención: 8.00 a 17.00 hs. 
bibliotecaush@justierradelfuego.gov.ar
koha@justierradelfuego.gov.ar
Seguinos en nuestras redes @bibliojustdf 

Con tecnología Koha